| 000 | 00513nam a2200169 a 4500 | ||
|---|---|---|---|
| 005 | 20210219150141.0 | ||
| 008 | 991125s1970 mx 000 0 spa u | ||
| 035 | _aUPN01000008157 | ||
| 049 | _aF | ||
| 050 | 4 |
_aGV586 _bT4.5 |
|
| 100 | 1 | _aTeozitlali, Ilhuikaxochitl | |
| 245 | 1 | 0 |
_aCinco mil quinientos años de historia de los deportes en México / _cIlhuikaxochitl Teozitlali. |
| 260 |
_aMéxico : _bVanguardia Azteca, _c[197?]. |
||
| 300 | _a28 p. | ||
| 651 | 4 |
_aMEXICO - _xDEPORTES - _xHISTORIA |
|
| 905 | _aLibro | ||
| 999 |
_c8157 _d8157 |
||